Artistes et groupes francophones - Statistiques

Statistiques générales
  • Ce quiz a été pris 135 fois
  • Le résultat moyen est 107 sur 250
Statistiques - réponses
Par images Réponse % Correct
Louane
99%
Julien Doré
98%
Zazie
97%
M. Pokora
96%
Aya Nakamura
95%
Johnny Hallyday
94%
Stromae
94%
Céline Dion
93%
Charles Aznavour
93%
Patrick Bruel
93%
Édith Piaf
91%
Line Renaud
89%
Renaud
89%
Amel Bent
87%
Indochine
87%
Kendji Girac
87%
Claude François
86%
Florent Pagny
85%
Jenifer
85%
Calogero
84%
Christophe Maé
84%
Jean-Jacques Goldman
84%
Marc Lavoine
83%
Vitaa
83%
Yannick Noah
83%
Gims
82%
Mylène Farmer
82%
Angèle
81%
Keen'V
81%
Daft Punk
80%
Dalida
79%
Grand Corps Malade
79%
Hoshi
79%
Pascal Obispo
79%
Vanessa Paradis
79%
France Gall
78%
Daniel Balavoine
77%
Mika
77%
Serge Gainsbourg
77%
Amir
76%
David Hallyday
76%
Lara Fabian
75%
Patrick Fiori
75%
Patrick Sébastien
75%
Clara Luciani
74%
Shy'm
74%
Indila
73%
Jacques Brel
73%
Michel Sardou
73%
Tal
73%
Christine and the Queens
72%
Michel Polnareff
72%
David Guetta
71%
Gilbert Montagné
71%
Julien Clerc
71%
Laurent Voulzy
70%
Eddy de Pretto
69%
Grégory Lemarchal
69%
Alain Souchon
68%
Nolwenn Leroy
68%
Claudio Capéo
65%
Carla Bruni
64%
Jean-Louis Aubert
64%
Pierre Garnier
64%
Christophe Willem
63%
Natasha St-Pier
63%
Philippe Katerine
63%
Francis Cabrel
62%
Alizée
61%
Dadju
61%
Dave
61%
Matthieu Chedid
60%
Wejdene
59%
Amanda Lear
58%
Brigitte Bardot
58%
Michel Berger
58%
Barbara
57%
Joyce Jonathan
57%
Lorie
57%
Eddy Mitchell
56%
Georges Brassens
56%
Tayc
56%
Camille Lellouche
55%
Enrico Macias
54%
Grégoire
54%
Bénabar
53%
Kids United
53%
Francky Vincent
52%
Joe Dassin
52%
Louis Chedid
52%
Jacques Dutronc
51%
Jérémy Frérot
51%
Pomme
51%
Juliette Armanet
50%
Louis Bertignac
50%
Patricia Kaas
50%
Pierre de Maere
50%
Téléphone
50%
Thomas Dutronc
50%
Emmanuel Moire
49%
Véronique Sanson
49%
Yseult
49%
Colonel Reyel
48%
Raphaël
48%
Benjamin Biolay
47%
DJ Snake
47%
Hélène Ségara
46%
Afida Turner
45%
Christophe
45%
Sylvie Vartan
45%
Khaled
44%
Les Rita Mitsouko
44%
Helena
43%
Dany Brillant
41%
Hugues Aufray
41%
Isabelle Adjani
41%
Louise Attaque
40%
Magic System
40%
Camélia Jordana
39%
Chimène Badi
39%
Françoise Hardy
39%
Marina Kaye
39%
Sheila
39%
Zaho de Sagazan
39%
Corneille
38%
Marine
38%
Michel Fugain
38%
Annie Cordy
37%
Chantal Goya
37%
Étienne Daho
37%
Jane Birkin
37%
Lââm
36%
Léo Ferré
36%
Mentissa
36%
Nicola Sirkis
36%
Pierre Perret
36%
Zaho
36%
Kyo
35%
Maurane
35%
Henri Salvador
34%
Marwa Loud
33%
Yanns
33%
Ebony
32%
Sheryfa Luna
32%
Faudel
31%
Gaëtan Roussel
31%
Loïc Nottet
31%
Michel Delpech
31%
Pierre Bachelet
31%
Anggun
30%
Bilal Hassani
29%
Julie Zenatti
29%
Michael Jones
29%
Nino Ferrer
29%
Santa
29%
Lenie
28%
Olivia Ruiz
28%
Serge Lama
28%
Adèle Castillon
27%
Charlotte Cardin
27%
Élodie Frégé
27%
Jacques Higelin
27%
Martin Solveig
27%
Shaka Ponk
27%
Yamê
27%
Ben l'Oncle Soul
26%
Daniel Guichard
26%
Imen Es
26%
Jeanne Mas
26%
Tryo
26%
2Be3
25%
Catherine Ringer
25%
Charles Trenet
25%
Gérard Lenorman
25%
Barbara Pravi
24%
Bernard Lavilliers
24%
Bob Sinclar
24%
Aliocha Schneider
23%
BB Brunes
23%
Jain
23%
Gérald de Palmas
22%
Michel Jonasz
22%
Alain Bashung
21%
Gaël Faye
21%
Julien Granel
21%
Julie Pietri
21%
Alain Chamfort
20%
Ève Angeli
20%
Jungeli
20%
Maxime Le Forestier
20%
Ogee
20%
Ben Mazué
19%
Cali
19%
Stéphanie de Monaco
19%
Styleto
19%
Claude Nougaro
18%
Gilbert Bécaud
18%
Ophélie Winter
18%
Roch Voisine
18%
Daniel Lévi
17%
François Feldman
17%
Jean-Pierre Mader
17%
La Zarra
17%
Maëlle
17%
Marie Laforêt
17%
Théodora
17%
Amine
16%
Candice
16%
Isabelle Boulay
16%
Joseph Kamel
16%
Georges Moustaki
15%
Hervé Vilard
15%
Manu Chao
15%
Myd
15%
Sofia Essaïdi
14%
Anaïs Delva
13%
Brigitte Fontaine
13%
Gojira
13%
Imany
13%
Ronisia
13%
Nâdiya
12%
Ridsa
12%
Suzane
12%
Justice
11%
Lucky Love
11%
Ycare
11%
Aurélie Konaté
10%
Yelle
10%
Ofenbach
9%
Feu! Chatterton
8%
Leslie
8%
Woodkid
8%
Youssou N'Dour
8%
Nej'
7%
Lisandro Cuxi
6%
Solann
6%
Hervé
5%
Phoenix
5%
Yoa
5%
Bon Entendeur
4%
Sofiane Pamart
4%
Thierry Pastor
4%
Cyril Cinélu
3%
La Femme
3%
Oklou
3%
Pierpoljak
3%
Iliona
2%
Clara Ysé
0%
Maureen
0%
The Avener
0%
Aucun quiz correspondant
Distribution des résultats
% des personnes avec chaque résultat
Percentile par nombre de réponses
Votre historique - résultats
Vous n’avez pas pris ce quiz